01361nam a22001337a 4500082000800000100001700008245004800025264003800073300002600111500095800137650003601095700003901131856005701170 a621 aHassan, Ali  aCFD in Drinking Water TreatmentcAli Hassan aIslamabad : bSMME- NUST; c2022. a57p.bSoft Copyc30cm aAn upgraded model was developed by employing a combination of Eulerian-Eulerian two-phase approach and user defined function (UDF) to solve the water-ozone flow and interaction in an ozone contactor using computational fluid dynamics (CFD). Moreover, geometric configuration of the contactor was optimized to improve the performance of the contactor. As indicators Residence Time Distribution (RTD) and Dissolved Ozone Concentration (C) were used for single phase and two-phase CFD models. Validation of experimental data already available in the literature was done for RTD and then its impact on C was studied using different contactor configurations. From simulations it was evident that optimizing structural configurations can greatly reduce the size of recirculation zones, dead zones and short-circuiting. As a result, an increase of 71.6% was observed in dissolved ozone concentration in the geometry containing double-sided horizontal baffles.  aMS Mechanical Engineering  aSupervisor : Dr. Niaz Bahadur Khan uhttp://10.250.8.41:8080/xmlui/handle/123456789/30593